Bharatar sarkar aru rajniti (Record no. 9075)

MARC details
000 -LEADER
fixed length control field 00683cam a2200241ua 4500
001 - CONTROL NUMBER
control field 10084
005 - DATE AND TIME OF LATEST TRANSACTION
control field 20260515114549.0
008 - FIXED-LENGTH DATA ELEMENTS--GENERAL INFORMATION
fixed length control field 170329n ii |||gr||||Z||||||asm
020 ## - INTERNATIONAL STANDARD BOOK NUMBER
International Standard Book Number 9788192276526
040 ## - CATALOGING SOURCE
Transcribing agency MAIN
041 ## - LANGUAGE CODE
Language code of text/sound track or separate title asm
082 ## - DEWEY DECIMAL CLASSIFICATION NUMBER
Classification number 320.954
100 ## - MAIN ENTRY--PERSONAL NAME
Personal name Goswami, Parash,
Relator term Author.
245 ## - TITLE STATEMENT
Title Bharatar sarkar aru rajniti
Statement of responsibility, etc. By Parash Goswami, Sasanka Dhaval Saikia and Kundan Hazarika
250 ## - EDITION STATEMENT
Edition statement 1st ed.
260 ## - PUBLICATION, DISTRIBUTION, ETC.
Place of publication, distribution, etc. Jorhat:
Name of publisher, distributor, etc. Grantha sanskriti,
Date of publication, distribution, etc. 2011.
300 ## - PHYSICAL DESCRIPTION
Extent 268p.
653 ## - INDEX TERM--UNCONTROLLED
Uncontrolled term Political science
653 ## - INDEX TERM--UNCONTROLLED
Uncontrolled term Indian government and politics
700 ## - ADDED ENTRY--PERSONAL NAME
Personal name Saikia, Sasanka Dhaval,
Relator term Author.
700 ## - ADDED ENTRY--PERSONAL NAME
Personal name Hazarika, Kundan,
Relator term Author.
942 ## - ADDED ENTRY ELEMENTS (KOHA)
Koha item type Books
Holdings
Withdrawn status Lost status Damaged status Not for loan Home library Current library Shelving location Date acquired Total checkouts Full call number Barcode Date last seen Copy number Price effective from Koha item type Date last checked out
        Naharkatiya College Library Naharkatiya College Library General stacks 09/19/2020   320.954 | GOS 23660 09/19/2020 2 09/19/2020 Books  
        Naharkatiya College Library Naharkatiya College Library General stacks 09/19/2020 1 320.954 | GOS 23661 06/05/2025 1 09/19/2020 Books 05/05/2025
        Naharkatiya College Library Naharkatiya College Library General stacks 09/19/2020   320.954 | GOS 23662 09/19/2020 3 09/19/2020 Books